Tout les champions LOL - Statistiques

Statistiques générales
  • Ce quiz a été pris 528 fois
  • Le résultat moyen est 124 sur 162
Statistiques - réponses
Par images Réponse % Correct
Vi
98%
Dr Mundo
93%
Garen
93%
Jinx
93%
Viego
93%
Alistar
92%
Séraphine
92%
Amumu
91%
Annie
91%
Gwen
91%
Nasus
91%
Tristana
91%
Yasuo
91%
Yone
91%
Ashe
90%
Braum
90%
Caitlyn
90%
Gnar
90%
Lux
90%
Maitre Yi
90%
Draven
89%
Ekko
89%
Jax
89%
Morgana
89%
Rakan
89%
Aphelios
88%
Jarvan
88%
Kai'sa
88%
Katarina
88%
Sett
88%
Camille
87%
Ezreal
87%
Teemo
87%
Lulu
86%
Nunu
86%
Rammus
86%
Senna
86%
Shaco
86%
Vayne
86%
Veigar
86%
Galio
85%
Kalista
85%
Kayle
85%
Zyra
85%
Anivia
84%
Jayce
84%
Jhin
84%
Ryze
84%
Sion
84%
Kled
83%
Malphite
83%
Rengar
83%
Sivir
83%
Talon
83%
Trundle
83%
Nocturne
82%
Orianna
82%
Mordekaiser
81%
Olaf
81%
Ziggs
81%
Cho'gath
80%
Darius
80%
Irelia
80%
Lee Sin
80%
Pantheon
80%
Vel'koz
80%
Viktor
80%
Vladimir
80%
Zeri
80%
Azir
79%
Samira
79%
Shen
79%
Tahm Kench
79%
Bel'veth
78%
Gragas
78%
Ivern
78%
Karma
78%
Kindred
78%
Kog'maw
78%
Ornn
78%
Poppy
78%
Renekton
78%
Sejuani
78%
Aurelion Sol
77%
Elise
77%
Miss Fortune
77%
Rell
77%
Twitch
77%
Zoé
77%
Corki
76%
Sona
76%
Vex
76%
Yuumi
76%
Fizz
75%
Quinn
75%
Taric
75%
Udyr
75%
Xin'zhao
75%
Gangplank
74%
Volibear
74%
Evelynn
73%
Maokai
73%
Nautilus
73%
Skarner
73%
Soraka
72%
Zac
72%
Kassadin
71%
Zed
71%
Rek'sai
70%
Renata
70%
Swain
70%
Ahri
69%
Bard
69%
Cassiopeia
69%
Leblanc
69%
Warwick
69%
Kennen
68%
Malzahar
68%
Xerath
68%
Yorick
68%
Zilean
68%
Karthus
67%
Milio
67%
Pyke
67%
Shyvana
67%
Twisted Fate
67%
Neeko
66%
Qiyana
65%
Brand
64%
Graves
64%
Kayn
64%
Singed
64%
Syndra
64%
Varus
64%
Aatrox
63%
Fiora
63%
Heimerdinger
63%
Illaoi
63%
Lillia
63%
Riven
63%
Tryndamere
63%
Kha'zix
62%
Leona
62%
Thresh
62%
Wukong
62%
Lucian
61%
Akali
60%
Blitzcrank
60%
Nidalee
60%
Rumble
60%
Xayah
60%
Diana
59%
Nami
59%
Lissandra
58%
Nilah
58%
Fiddlesticks
57%
K'santé
57%
Taliyah
57%
Janna
56%
Sylas
56%
Hecarim
54%
Akshan
52%
Aucun quiz correspondant
Distribution des résultats
% des personnes avec chaque résultat
Percentile par nombre de réponses
Votre historique - résultats
Vous n’avez pas pris ce quiz